Countries by Military Budget by Year - Statistics

General Stats
  • This quiz has been taken 110 times
  • The average score is 36 of 40
Answer Stats
Budget Country % Correct
719 m China
100%
12.2 b China
100%
40 b China
100%
1.20 b France
100%
2.3 b France
100%
7.5 b France
100%
38 b France
100%
1.24 b Russia
100%
2.5 b Russia
100%
57 b Russia
100%
271 m United States
100%
2.3 b United States
100%
81.4 b United States
100%
298 b United States
100%
694 m Japan
99%
41 b Japan
99%
240 m Germany
98%
2.2 b Germany
98%
31 b Germany
98%
798 m United Kingdom
98%
3.9 b United Kingdom
98%
18.9 b United Kingdom
98%
37 b United Kingdom
98%
164 m Italy
96%
758 m Italy
96%
3.1 b Italy
96%
23 b Italy
96%
258 m Spain
96%
3.0 b India
94%
16 b Brazil
89%
445 m Turkey
84%
84.2 b Soviet Union
82%
22 b Saudi Arabia
80%
34.5 b Poland
78%
875 m Austria-Hungary
76%
987 m Austria-Hungary
76%
92 m Netherlands
69%
75 m Belgium
60%
2.9 b Argentina
46%
3.7 b Czechoslovakia
39%
No matching quizzes found
Score Distribution
Percent of People with Each Score
Percentile by Number Answered
Your Score History
You have not taken this quiz